00534nam a22001697a 450000500170000001000150001702000260003203500140005803700130007208200060008510000170009124500730010826000370018127000940021830000270031270000250033920220914104308.0 aENG-135076 a9789355481900c400.00 aEN-118608 bDBAD/PUB aN aKamat, Ashok aBlows of Destiny/cAshok Kamat and Translated by Ramesh Shankhwalkar aNew DelhibSahitya Akademic2021 aRabindra Bhavan, 35, Ferozeshah RoadbNew Delhie110001msecretary@sahitya-akademi.gov.in aviii, 381p.c22cm(pbk) aShankhwalkar, Ramesh